Normal view
MARC view
Entry Término temático
001 - NÚMERO DE CONTROL
- campo de control: 85349
003 - IDENTIFICADOR DEL NÚMERO DE CONTROL
- campo de control: DO-SdBNP
005 - FECHA Y HORA DE LA ÚLTIMA TRANSACCIÓN
- campo de control: 20240430113029.0
008 - DATOS DE LONGITUD FIJA
- campo de control de longitud fija: 240430|| aca||aabn | a|a d
040 ## - FUENTE DE LA CATALOGACIÓN
- Centro catalogador/agencia de origen: DO-SdBNP
- Centro/agencia transcriptor: DO-SdBNP
150 ## - ENCABEZAMIENTO--TÉRMINO DE MATERIA
- Término de materia o nombre geográfico como elemento de entrada: Jefes de estado
- Subdivisión de forma: Ensayos, conferencias, etc
670 ## - FUENTE DE DATOS ENCONTRADOS
- Cita de la fuente: Work cat.: (DO-SdBNP)672: Cumbre de Jefes de Estado y de Gobierno de los Países de África, Caribe y Pacífico (2a. : 1999 : República Dominicana) 2270, Memoria., 2000.
